Nalaganje...

UGC NET/JRF/SLET General Paper - 1 Teaching and Research Aptitude

Bibliografske podrobnosti
Glavni avtor: Arihant
Format: Printed Book
Jezik:Undetermined
Izdano: New Delhi Arihant Publications
Teme:
LEADER 00569nam a2200157Ia 4500
008 140316s9999 xx 000 0 und d
020 |a 9788183482219 
082 |a 001.2  |b ARI/UG 
100 |a Arihant 
245 |a UGC NET/JRF/SLET General Paper - 1 Teaching and Research Aptitude 
260 |a New Delhi  |b Arihant Publications 
300 |a 488 
650 |a Solved paper 2010 Teaching Aptitude 
942 |2 ddc  |c REF 
999 |c 21751  |d 21751 
952 |0 0  |1 0  |2 ddc  |4 0  |6 001_200000000000000_ARIUG  |7 0  |9 29607  |a KAUCLV  |b KAUCLV  |c REF  |d 2014-03-18  |o 001.2 ARI/UG  |p 222048  |r 2014-03-18  |w 2014-03-18  |y REF